000 00268nam a22001217a 4500
008 170825b xxu||||| |||| 00| 0 eng d
041 _aeng
080 _a070
100 _a40
101 _aMED
245 _aCOMUNICATION AND CULTURE
_cSMITH.A.G
942 _2udc
_cBK
999 _c25003
_d25003